Vplyv prevodového mechanizmu automobilu na spotrebu paliva (Influence of the car gearing mechanism on the fuel mileage) [CD-ROM] : Bakalárska práca

Uložené v:
Podrobná bibliografia
Hlavný autor: Domankuš, Tomáš, 1987- (Autor)
Ďalší autori: Ikrinský, Alexander, 1936- (xxx)
Médium: Rukopis Kniha
Jazyk:Slovak
Vydavateľské údaje: Bratislava : STU v Bratislave SjF, 2009
Vydanie:1. vyd.
Predmet:
Tagy: Pridať tag
Žiadne tagy, Buďte prvý, kto otaguje tento záznam!

MARC

LEADER 00000ntm a22000003a 4500
001 stu203037
005 20150617230108.6
008 100503s2009----xo------------------slo-d
040 |a STU  |b slo 
041 0 |a slo 
044 |a xo 
100 1 |a Domankuš, Tomáš,  |d 1987-  |4 aut  |u J0030  |9 100  |U SjF Strojnícka fakulta  |T SjF Ústav dopravnej techniky a konštruovania  |X 41272  |U J0030  |Y 806  |7 A000041272 
245 1 |a Vplyv prevodového mechanizmu automobilu na spotrebu paliva (Influence of the car gearing mechanism on the fuel mileage) [CD-ROM] :  |b Bakalárska práca 
250 |a 1. vyd. 
260 |a Bratislava :  |b STU v Bratislave SjF,  |c 2009 
300 |a 56 s 
650 7 |a prevodový mechanizmus  |2 stusub 
650 7 |a spotreba automobilu  |2 stusub 
650 7 |a hmotnosť  |2 stusub 
650 7 |a gearing mechanism  |2 estusub 
650 7 |a car mileage  |2 stusub 
650 7 |a weight  |2 stusub 
700 1 |a Ikrinský, Alexander,  |d 1936-  |4 xxx  |u J0030  |U SjF Strojnícka fakulta  |T SjF Ústav dopravnej techniky a konštruovania  |X 2480  |U J0030  |Y 806  |7 A000002480 
996 |b 284J035760  |c J*373/BP  |l JJSK  |s A  |a 24  |w stu203037_0001